Statistics for Place Names in Classical Music Titles

Click here to take the quiz!

General Stats

  • This quiz has been taken 872 times
    (869 since last reset)
  • The average score is 9 of 20

Answer Stats

composermusic% Correct
StraussBlue {Danube} Waltz
91%
Sibelius{Finland}ia
87%
RossiniThe Barber of {Seville}
82%
Brahms{Hungarian} Dance No 5
77%
HandelArrival of the Queen of {Sheba}
60%
MendelssohnSymphony No 4 "{Italian}"
55%
HaydnSymphony No 104 "{London}"
50%
BorodinIn the Steppes of Central {Asia}
48%
SmetanaThe {Moldau} [a river]
46%
TchaikovskySymphony No 2 "Little {Russian}"
44%
BerliozHarold in {Italy}
40%
MozartSymphony No 31 "{Paris}"
38%
MendelssohnSymphony No 3 "{Scottish}"
32%
ShostakovichSymphony No 7 "{Leningrad}"
31%
MahlerThe Song of the {Earth}
(Das Lied von die {Erde})
30%
MozartSymphony No 38 "{Prague}"
25%
BizetSymphony in C "{Roma}"
18%
MozartSymphony No 36 "{Linz}"
14%
HovhanessSymphony No 50 "Mount {Saint} {Helens}"
10%
HovhanessSymphony No 60
"{Appalachian} Mountains"
9%

Score Distribution

Percentile by Number Answered

Percent of People with Each Score

Your Score History

You have not taken this quiz since the last reset